Statistics for Manchester United Players 2011/12

Click here to take the quiz!

General Stats

  • This quiz has been taken 4,190 times
    (4,187 since last reset)
  • The average score is 22 of 39

Answer Stats

#Answer% Correct
10Wayne Rooney
98%
1David de Gea
95%
5Rio Ferdinand
93%
11Ryan Giggs
90%
15Nemanja Vidic
89%
3Patrice Evra
89%
22Paul Scholes
87%
4Phil Jones
85%
16Michael Carrick
85%
17Nani
84%
25Antonio Valencia
81%
12Chris Smalling
78%
18Ashley Young
76%
21Rafael da Silva
76%
14Javier Hernandez
75%
9Dimitar Berbatov
75%
8Anderson
74%
19Danny Welbeck
71%
6Jonny Evans
70%
20Fabio da Silva
70%
7Michael Owen
62%
24Darren Fletcher
62%
13Ji-Sung Park
58%
34Anders Lindegaard
52%
23Tom Cleverley
50%
27Federico Macheda
44%
42Paul Pogba
40%
40Ben Amos
37%
33Bebe
34%
48Will Keane
31%
50Sam Johnstone
18%
29Tomasz Kuszczak
17%
52Larnell Cole
15%
41Joshua King
12%
51Ezekiel Fryers
12%
37Robbie Brady
10%
30Ritchie de Laet
10%
46Ryan Tunnicliffe
9%
47Oliver Norwood
6%

Score Distribution

Percentile by Number Answered

Percent of People with Each Score

Your Score History

You have not taken this quiz since the last reset